[Event "BL 8889 Porz-Bayern"]
[Site "?"]
[Date "1988.??.??"]
[Round "?.3"]
[White "Hickl, J."]
[Black "Fedorowicz, J."]
[Result "1/2-1/2"]
[WhiteElo "2500"]
[BlackElo "2520"]
[PlyCount "110"]
[EventDate "1988.??.??"]

1. g3 c5 2. Bg2 Nc6 3. c4 g6 4. Nc3 Bg7 5. a3 d6 6. Rb1 Bxc3 7. bxc3 Qc7 8. d3
b6 9. Nf3 f5 10. O-O Nf6 11. Bh6 Ng4 12. Qd2 Bb7 13. h3 Nxh6 14. Qxh6 Kd7 15.
Ng5 Rae8 16. Nf7 Rhg8 17. Qxh7 Kc8 18. Bd5 e6 19. Bxe6+ Kb8 20. Bd5 Qe7 21. Ng5
Rg7 22. Qh6 Qf6 23. Ne6 Rf7 24. Nf4 g5 25. Qxf6 Rxf6 26. Nh5 Rh6 27. Ng7 Re5
28. e4 fxe4 29. dxe4 Ne7 30. Bxb7 Kxb7 31. Kg2 Rg6 32. Nf5 Nxf5 33. exf5 Rxf5
34. Rfe1 Rgf6 35. Rb2 Ka6 36. Re4 Rf3 37. Rc2 Ka5 38. Rg4 R3f5 39. h4 gxh4 40.
Rxh4 Ka4 41. f4 Kxa3 42. Kf3 Kb3 43. Rc1 Kxc4 44. Kg4 Rd5 45. Rh5 Rd3 46. f5 a5
47. Kf4 a4 48. g4 Rd2 49. Rf1 a3 50. g5 Rf8 51. g6 a2 52. Rhh1 Rd5 53. Kg5 Rg8
54. Kf6 Rf8+ 55. Kg5 Rg8 1/2-1/2

[Event "BL 8889 Porz-Bayern"]
[Site "?"]
[Date "1988.??.??"]
[Round "?.4"]
[White "Schoen, W."]
[Black "Bischoff, K."]
[Result "1/2-1/2"]
[WhiteElo "2430"]
[BlackElo "2510"]
[PlyCount "206"]
[EventDate "1988.??.??"]

1. d4 e6 2. c4 Nf6 3. Nc3 Bb4 4. e3 b6 5. Bd3 Bb7 6. Nf3 O-O 7. O-O c5 8. Na4
cxd4 9. a3 Be7 10. exd4 d6 11. b4 Nbd7 12. Bb2 Rb8 13. Re1 Ba8 14. Rb1 Re8 15.
Nc3 Bf8 16. d5 e5 17. Bc1 b5 18. cxb5 h6 19. Bf5 Nb6 20. Be3 g6 21. Bxb6 Qxb6
22. Bh3 Bg7 23. Qd3 Re7 24. Nd2 Rc7 25. Rbc1 Nh5 26. g3 f5 27. Bf1 e4 28. Ncxe4
fxe4 29. Nxe4 Rf7 30. Bh3 Kh7 31. Be6 Rff8 32. a4 Nf6 33. Nd2 Rbe8 34. Nc4 Qd8
35. Re2 Nxd5 36. h4 Nxb4 37. Qb1 d5 38. h5 dxc4 39. hxg6+ Kh8 40. Qxb4 Rxe6 41.
Rxe6 Qd5 42. Rc6 Bxc6 43. bxc6 Qd4 44. Qxc4 Qxf2+ 45. Kh1 Qxg3 46. c7 Qh3+ 47.
Kg1 Qg3+ 48. Kh1 Qh3+ 49. Kg1 Be5 50. g7+ Kxg7 51. Rc2 Qe3+ 52. Kh1 Qh3+ 53.
Kg1 Rf3 54. Rg2+ Rg3 55. Rxg3+ Qxg3+ 56. Kf1 Bxc7 57. Qd4+ Kg6 58. Qxa7 h5 59.
Qa6+ Kg7 60. Qe2 Qf4+ 61. Kg1 Qg4+ 62. Kf1 Bd8 63. Qe5+ Bf6 64. Qc7+ Kg6 65.
Qc2+ Kf7 66. Qb3+ Kg7 67. Qb7+ Kg6 68. Qb1+ Kg5 69. Qc1+ Kh4 70. Qe1+ Kh3 71.
Qe3+ Kh4 72. Qe1+ Kg5 73. Qc1+ Kg6 74. Qc2+ Kf7 75. Qb3+ Ke7 76. Qb7+ Ke6 77.
Qb3+ Ke5 78. Qc3+ Kf5 79. Qc2+ Kf4 80. Qf2+ Ke5 81. Qb2+ Ke6 82. Qb3+ Kd6 83.
Qb6+ Ke7 84. Qb7+ Kf8 85. Qb8+ Kg7 86. Qc7+ Kh6 87. Qc1+ Bg5 88. Qc6+ Kg7 89.
Qc7+ Kf6 90. Qd6+ Kf5 91. Qd5+ Kf4 92. Qd4+ Kf3 93. Qf2+ Ke4 94. Qc2+ Kd4 95.
Qb2+ Kc4 96. Qc2+ Kb4 97. Qb2+ Kxa4 98. Qa2+ Kb4 99. Qb2+ Kc4 100. Qc2+ Kd4
101. Qb2+ Ke4 102. Qc2+ Kf4 103. Qf2+ Ke5 1/2-1/2

[Event "BL 8889 Porz-Bayern"]
[Site "?"]
[Date "1988.??.??"]
[Round "?.6"]
[White "Lutz, C."]
[Black "Hecht, H."]
[Result "1/2-1/2"]
[WhiteElo "2380"]
[BlackElo "2430"]
[PlyCount "70"]
[EventDate "1988.??.??"]

1. d4 e6 2. c4 Nf6 3. Nc3 Bb4 4. e3 O-O 5. Bd3 Re8 6. Nge2 e5 7. O-O Bxc3 8.
Nxc3 d6 9. a3 Bg4 10. Qc2 exd4 11. exd4 Nc6 12. Be3 Bh5 13. h3 Bg6 14. Bxg6
hxg6 15. d5 Ne5 16. Nb5 a6 17. Nd4 Nh7 18. Qb3 Qd7 19. Bf4 g5 20. Bxe5 dxe5 21.
Nc2 Nf6 22. Rad1 b6 23. Nb4 Ne4 24. Nc6 Nd6 25. Rfe1 e4 26. Qc3 Qf5 27. b3 Qf4
28. a4 a5 29. c5 bxc5 30. Qxc5 Nf5 31. Nd4 e3 32. Nxf5 Qxf2+ 33. Kh1 Qxf5 34.
Rxe3 Rxe3 35. Qxe3 Rb8 1/2-1/2

[Event "BL 8889 Porz-Bayern"]
[Site "?"]
[Date "1988.??.??"]
[Round "?.7"]
[White "Stangl, M."]
[Black "Ostermeyer, P."]
[Result "0-1"]
[WhiteElo "2360"]
[BlackElo "2450"]
[PlyCount "128"]
[EventDate "1988.??.??"]

1. Nf3 f5 2. c4 Nf6 3. g3 e6 4. Bg2 d5 5. O-O Be7 6. d4 c6 7. Qc2 O-O 8. Nbd2
Bd7 9. Ne5 Be8 10. Nd3 g5 11. Nf3 h6 12. Nc5 Bxc5 13. dxc5 Qe7 14. cxd5 cxd5
15. Bd2 a5 16. Nd4 Nc6 17. Nxc6 Bxc6 18. Rac1 Rf7 19. f4 g4 20. Qc3 h5 21. Qd4
Rh7 22. Be1 a4 23. Rc3 Kf7 24. Bf2 Nd7 25. Rd1 Nf8 26. b4 axb3 27. axb3 h4 28.
b4 Bb5 29. Re3 Qd7 30. Ra1 Rxa1+ 31. Qxa1 h3 32. Bf1 Ng6 33. Ra3 Ne7 34. Ra5
Rg7 35. Qb2 Rg8 36. Bd4 Nc6 37. Rxb5 Nxd4 38. Rb6 Nc6 39. b5 Ne7 40. c6 bxc6
41. bxc6 Qd6 42. e3 Rc8 43. Qc3 Rxc6 44. Rxc6 Qxc6 45. Qh8 Qc5 46. Kf2 Nc8 47.
Qd8 Qc6 48. Bb5 Qc2+ 49. Ke1 Qb1+ 50. Kf2 Qb2+ 51. Ke1 Qb4+ 52. Kd1 Qxb5 53.
Qxc8 Qd3+ 54. Ke1 Qxe3+ 55. Kf1 Qf3+ 56. Ke1 Qh1+ 57. Ke2 Qxh2+ 58. Kd1 Qg1+
59. Ke2 Qg2+ 60. Kd1 Qf1+ 61. Kd2 Qf2+ 62. Kd1 Qd4+ 63. Ke1 Qb4+ 64. Kd1 h2 0-1

[Event "BL 8889 Porz-Bayern"]
[Site "?"]
[Date "1988.??.??"]
[Round "?.8"]
[White "Schulz, KJ."]
[Black "Klundt, K."]
[Result "1/2-1/2"]
[WhiteElo "2360"]
[BlackElo "2410"]
[PlyCount "120"]
[EventDate "1988.??.??"]

1. d4 Nf6 2. Nf3 g6 3. c4 Bg7 4. g3 O-O 5. Bg2 c5 6. O-O cxd4 7. Nxd4 Nc6 8.
Nc3 d6 9. b3 d5 10. cxd5 Nxd4 11. Qxd4 Nxd5 12. Qxd5 Bxc3 13. Bh6 Bxa1 14. Bxf8
Qxd5 15. Bxd5 Kxf8 16. Rxa1 Ke8 17. Rc1 Rb8 18. Rc7 Kd8 19. Rc3 e6 20. Bg2 b6
21. f4 h5 22. Kf2 Bb7 23. e4 Rc8 24. Rxc8+ Kxc8 25. Ke3 Kd7 26. Bf1 Kd6 27. Kd4
Bc6 28. a3 Bd7 29. Bd3 Bc6 30. Bc2 Bd7 31. b4 Bc6 32. Bb3 Bd7 33. Bd1 Bc6 34.
h3 Bd7 35. g4 hxg4 36. hxg4 Bc6 37. Be2 Bd7 38. Bc4 Bc6 39. g5 Be8 40. Bb3 Bd7
41. Bd1 Bc6 42. Bf3 Bd7 43. Bg2 Bb5 44. Bf3 Bd7 45. Bg4 Bb5 46. Bd1 Bc6 47. Bc2
Bd7 48. Bb1 Bc6 49. Ba2 Bd7 50. Bc4 Bc6 51. Bd3 Bd7 52. Bc2 Bc6 53. Bb1 Bd7 54.
Bd3 Bc6 55. Bc4 Bd7 56. Bb3 Bc6 57. Ba2 Bd7 58. Bb1 Bc6 59. Bc2 Bd7 60. Bd3 Bc6
1/2-1/2

[Event "BL 8889 München 36-Porz"]
[Site "?"]
[Date "1988.??.??"]
[Round "?.2"]
[White "Nikolac, J."]
[Black "Christiansen, L."]
[Result "1-0"]
[WhiteElo "2495"]
[BlackElo "2550"]
[PlyCount "83"]
[EventDate "1988.??.??"]

1. d4 e6 2. Nf3 c5 3. g3 Nf6 4. Bg2 cxd4 5. Nxd4 a6 6. c4 Qc7 7. Nd2 Nc6 8.
Nxc6 bxc6 9. O-O Bb7 10. b3 c5 11. e4 Be7 12. Bb2 d6 13. Qe2 O-O 14. f4 Nd7 15.
g4 Rae8 16. g5 e5 17. Qh5 Qd8 18. Rf3 Bc8 19. Raf1 Nb8 20. Bh3 f5 21. exf5 Rxf5
22. Bxf5 Bxf5 23. fxe5 g6 24. Qh4 Bxg5 25. Qg3 dxe5 26. Rxf5 gxf5 27. Rxf5 h6
28. Ne4 Rf8 29. Rxf8+ Kxf8 30. Qf3+ Kg8 31. Bxe5 Nc6 32. Bf6 Nd4 33. Qg4 Qa5
34. h4 Qxa2 35. Bxd4 cxd4 36. hxg5 Qa1+ 37. Kg2 Qb2+ 38. Nf2 hxg5 39. Qxg5+ Kf7
40. Qd5+ Ke7 41. c5 a5 42. c6 1-0

[Event "BL 8889 München 36-Porz"]
[Site "?"]
[Date "1988.??.??"]
[Round "?.3"]
[White "Fedorowicz, J."]
[Black "Bastian, H."]
[Result "0-1"]
[WhiteElo "2520"]
[BlackElo "2315"]
[PlyCount "162"]
[EventDate "1988.??.??"]

1. d4 Nf6 2. c4 d6 3. Nf3 g6 4. Nc3 Bg7 5. e4 O-O 6. Be2 e5 7. O-O Nc6 8. d5
Ne7 9. Nd2 c5 10. Rb1 Ne8 11. b4 b6 12. bxc5 dxc5 13. Qb3 Nd6 14. a4 Bd7 15. a5
Nec8 16. Qa3 Qc7 17. axb6 Nxb6 18. Qa2 a5 19. Ba3 a4 20. Rbc1 Bh6 21. Rc2 Rfc8
22. Rb1 Qa7 23. Nf3 f6 24. g3 Qa5 25. Kg2 Rab8 26. Bd3 Bf8 27. Nd2 Na8 28. Rxb8
Rxb8 29. Nb5 Rc8 30. Nxd6 Bxd6 31. Rb2 Nb6 32. Be2 Rb8 33. Qb1 Kg7 34. Nf1 h5
35. Ne3 Qa6 36. h4 Qa7 37. Kh2 Qa5 38. Bf1 Qa6 39. Be2 Qa5 40. Kg2 Qa6 41. Qc1
Qa5 42. Qb1 Qa6 43. Qc1 Ra8 44. Qd2 Rh8 45. Rb1 Rb8 46. Bc1 Rh8 47. Kh2 Na8 48.
Nc2 Nc7 49. Na3 Kf7 50. Qc3 Ra8 51. Bd2 Qa7 52. Qa1 Na6 53. Bc3 Nb4 54. Rf1 Qc7
55. Bf3 Ke7 56. Bg2 Rf8 57. Bh3 Be8 58. Qb2 Qb8 59. Qd2 Rh8 60. Kh1 Qb7 61. f4
Qc7 62. Qe3 Kd8 63. fxe5 fxe5 64. Rf6 Rf8 65. Rxf8 Bxf8 66. Qg5+ Qe7 67. Bxe5
Qxg5 68. hxg5 Nd3 69. Bf6+ Be7 70. Kg1 Bxf6 71. gxf6 Ne5 72. Be6 Bd7 73. Kg2 g5
74. Nb5 Ke8 75. Na3 Kf8 76. Kf1 Bxe6 77. dxe6 Ng4 78. e5 Nxe5 79. Nb5 Nxc4 80.
Ke2 a3 81. Nc3 Nd6 0-1

[Event "BL 8889 München 36-Porz"]
[Site "?"]
[Date "1988.??.??"]
[Round "?.4"]
[White "Eppinger, G."]
[Black "Schoen, W."]
[Result "1/2-1/2"]
[WhiteElo "2300"]
[BlackElo "2430"]
[PlyCount "122"]
[EventDate "1988.??.??"]

1. e4 e6 2. d4 d5 3. Nc3 Nf6 4. Bg5 Be7 5. Bxf6 Bxf6 6. Nf3 O-O 7. Qd2 b6 8.
O-O-O Bb7 9. e5 Be7 10. h4 c5 11. Kb1 Nc6 12. Ne2 Qc7 13. Ng5 cxd4 14. f4 Rfc8
15. Qd3 g6 16. a3 a5 17. Nf3 Nb4 18. axb4 Ba6 19. b5 Bxb5 20. Qd2 Bb4 21. Qc1
a4 22. Nfxd4 Bc4 23. Rh3 a3 24. bxa3 Qa7 25. Qb2 Bxa3 26. Rxa3 Qxa3 27. Qxa3
Rxa3 28. Nc1 Bxf1 29. Rxf1 Rg3 30. Rf2 Rg4 31. h5 gxh5 32. Nd3 Rc4 33. Nf3 h6
34. Nh2 Rg7 35. Nf3 Kh7 36. Nd2 Rc8 37. f5 exf5 38. Nf4 Rd8 39. Nxh5 Rg5 40.
Nf6+ Kg6 41. Nf3 f4 42. Nxg5 hxg5 43. Rd2 Kf5 44. Nxd5 Kxe5 45. Re2+ Kf5 46. c4
Rd6 47. Kc1 g4 48. Rf2 f3 49. gxf3 gxf3 50. Rxf3+ Ke5 51. Rxf7 b5 52. Ne3 Rc6
53. Ng4+ Kd6 54. Rf6+ Kc7 55. Rf7+ Kd6 56. Rf6+ Kc7 57. Rxc6+ Kxc6 58. cxb5+
Kxb5 59. Ne3 Kc5 60. Nc2 Kd6 61. Kd2 Kc5 1/2-1/2

[Event "BL 8889 München 36-Porz"]
[Site "?"]
[Date "1988.??.??"]
[Round "?.5"]
[White "Fleck, J."]
[Black "Bartelborth, T."]
[Result "1-0"]
[WhiteElo "2415"]
[BlackElo "2210"]
[PlyCount "173"]
[EventDate "1988.??.??"]

1. e4 e5 2. Nf3 Nc6 3. Bb5 Nf6 4. O-O Nxe4 5. d4 Nd6 6. Bxc6 dxc6 7. dxe5 Nf5
8. Qxd8+ Kxd8 9. Nc3 h6 10. b3 Be6 11. Bb2 Kc8 12. Rad1 g5 13. h3 Bg7 14. Rfe1
b6 15. Ne2 c5 16. c4 a5 17. Nc3 Ne7 18. Nd5 Ng6 19. a4 Kb7 20. Nd2 Rad8 21. Ne4
Bf5 22. Ng3 Be6 23. Nh5 c6 24. Ndf6 Bxf6 25. Nxf6 Bf5 26. Rd6 Nf4 27. Re3 Kc7
28. h4 Nd3 29. Bc3 gxh4 30. Kf1 Rhf8 31. Ne4 Nc1 32. Rxd8 Rxd8 33. Nd6 Be6 34.
Bd2 Na2 35. Rf3 h3 36. gxh3 Rg8 37. Bxh6 Rh8 38. Bf4 Bxh3+ 39. Ke1 Be6 40. Rg3
Nb4 41. Nxf7 Rh4 42. Ng5 Bf5 43. Bd2 Nd3+ 44. Ke2 Nxe5 45. Be3 Kd6 46. Kd2 Bd7
47. Nf3 Nxf3+ 48. Rxf3 b5 49. Rf4 Rxf4 50. Bxf4+ Ke6 51. Bc7 bxc4 52. bxc4 Bc8
53. Bxa5 Kd6 54. Bb6 Ba6 55. Kd3 Bb7 56. Ba7 Ba6 57. Bb8+ Ke7 58. Bf4 Ke6 59.
Bh6 Ke7 60. a5 Bb7 61. Be3 Kd6 62. Bf4+ Ke6 63. Bc7 Kd7 64. Bb8 Ke7 65. Ba7 Kd6
66. f4 Bc8 67. Bb8+ Ke7 68. Be5 Bf5+ 69. Ke3 Bc8 70. Ke4 Ba6 71. f5 Bxc4 72.
f6+ Ke6 73. Kf4 Ba6 74. Kg5 Kf7 75. Bb2 Bc8 76. Bc3 c4 77. Bb2 c3 78. Bxc3 c5
79. Bb2 Ba6 80. Kf5 Ke8 81. Ke6 Bc4+ 82. Kd6 Kd8 83. a6 Kc8 84. Be5 Bf7 85. Kc6
Bh5 86. a7 Bf3+ 87. Kd6 1-0

[Event "BL 8889 München 36-Porz"]
[Site "?"]
[Date "1988.??.??"]
[Round "?.6"]
[White "Goetz, R."]
[Black "Lutz, C."]
[Result "1/2-1/2"]
[WhiteElo "2275"]
[BlackElo "2380"]
[PlyCount "53"]
[EventDate "1988.??.??"]

1. e4 c6 2. c4 d5 3. exd5 cxd5 4. cxd5 Qxd5 5. Nc3 Qd6 6. d4 Nf6 7. Bc4 e6 8.
Nf3 Be7 9. O-O O-O 10. Qd3 a6 11. a3 b5 12. Ba2 Bb7 13. Bg5 Nbd7 14. Rad1 Nb6
15. Bb1 g6 16. Ne5 Rac8 17. Rfe1 Nc4 18. Nxc4 bxc4 19. Qh3 Nd5 20. Ne4 Qd8 21.
Qh6 Nf6 22. Nc5 Qd5 23. Nxb7 Ng4 24. Be4 Nxh6 25. Bxd5 Bxg5 26. Bf3 c3 27. bxc3
1/2-1/2

[Event "BL 8889 München 36-Porz"]
[Site "?"]
[Date "1988.??.??"]
[Round "?.7"]
[White "Ostermeyer, P."]
[Black "Koepf, U."]
[Result "1-0"]
[WhiteElo "2450"]
[BlackElo "2245"]
[PlyCount "61"]
[EventDate "1988.??.??"]

1. e4 e6 2. d3 d5 3. Nd2 Nf6 4. Ngf3 dxe4 5. dxe4 Bc5 6. Bd3 Nc6 7. O-O e5 8.
Nc4 Qe7 9. c3 a5 10. a4 Bg4 11. h3 Bxf3 12. Qxf3 O-O-O 13. Be2 h6 14. Ne3 g6
15. Bc4 Rh7 16. g3 Kb8 17. Kg2 Na7 18. Rb1 Nc8 19. Nd5 Nxd5 20. Bxd5 Nd6 21.
Be3 Bxe3 22. Qxe3 c6 23. Ba2 f5 24. exf5 gxf5 25. Rfe1 Ne4 26. Rbd1 Rxd1 27.
Rxd1 Qc5 28. Qf3 Nd6 29. Qh5 Rd7 30. Rd2 Ne4 31. Qe8+ 1-0

[Event "BL 8889 Bayern-Bochum"]
[Site "?"]
[Date "1988.??.??"]
[Round "?.2"]
[White "Kindermann, S."]
[Black "Thesing, M."]
[Result "1-0"]
[WhiteElo "2525"]
[BlackElo "2345"]
[PlyCount "41"]
[EventDate "1988.??.??"]

1. e4 Nc6 2. d4 d5 3. Nc3 e6 4. Nf3 Nf6 5. e5 Ne4 6. Ne2 Bd7 7. c3 f6 8. exf6
Nxf6 9. g3 Bd6 10. Bf4 Qe7 11. Bg2 e5 12. dxe5 Nxe5 13. Nxe5 Bxe5 14. O-O O-O-O
15. Re1 Rhe8 16. Nd4 Qd6 17. Rxe5 Rxe5 18. Nf3 Ng4 19. Nxe5 Nxe5 20. Qd4 Re8
21. Qxa7 1-0

[Event "BL 8889 Bayern-Bochum"]
[Site "?"]
[Date "1988.??.??"]
[Round "?.3"]
[White "Sonntag, H."]
[Black "Hickl, J."]
[Result "1/2-1/2"]
[WhiteElo "2380"]
[BlackElo "2500"]
[PlyCount "57"]
[EventDate "1988.??.??"]

1. d4 d6 2. c4 e5 3. e4 exd4 4. Qxd4 Nc6 5. Qd2 g6 6. b3 Bg7 7. Bb2 Nf6 8. Nc3
O-O 9. f3 Be6 10. Nge2 Nd7 11. g3 Nc5 12. Bg2 a5 13. O-O a4 14. Nd5 Bxb2 15.
Qxb2 Bxd5 16. cxd5 Ne5 17. b4 a3 18. Qc3 Na4 19. Qxa3 c6 20. dxc6 Qb6+ 21. Kh1
bxc6 22. Qb3 Rfb8 23. Rab1 Qa6 24. Nc3 Nxc3 25. Qxc3 Qxa2 26. Qd4 Qc4 27. Qxc4
Nxc4 28. Rfc1 Ne3 29. Rb2 1/2-1/2

[Event "BL 8889 Bayern-Bochum"]
[Site "?"]
[Date "1988.??.??"]
[Round "?.4"]
[White "Bischoff, K."]
[Black "Beckemeyer, W."]
[Result "1-0"]
[WhiteElo "2510"]
[BlackElo "2380"]
[PlyCount "39"]
[EventDate "1988.??.??"]

1. d4 Nf6 2. Nf3 g6 3. Nc3 d5 4. Bf4 Bg7 5. e3 O-O 6. Be2 c6 7. Qd2 a5 8. Ne5
Ne8 9. h4 f6 10. Nd3 Nd6 11. Bxd6 Qxd6 12. h5 e5 13. hxg6 hxg6 14. O-O-O Bf5
15. g4 Bxd3 16. Qxd3 e4 17. Nxe4 dxe4 18. Qxe4 b5 19. Qxg6 Rf7 20. Rh8+ 1-0

[Event "BL 8889 Bayern-Bochum"]
[Site "?"]
[Date "1988.??.??"]
[Round "?.5"]
[White "Vatter, H."]
[Black "Hertneck, G."]
[Result "1-0"]
[WhiteElo "2335"]
[BlackElo "2435"]
[PlyCount "85"]
[EventDate "1988.??.??"]

1. e4 e6 2. d4 d5 3. e5 c5 4. c3 Nc6 5. Nf3 Bd7 6. a3 Nge7 7. b4 cxd4 8. cxd4
Nf5 9. Be3 f6 10. exf6 Qxf6 11. Nc3 Nxe3 12. fxe3 Qh6 13. Qd2 Bd6 14. Bd3 O-O
15. O-O e5 16. Nxd5 exd4 17. Bc4 Kh8 18. Ra2 Ne5 19. Qxd4 Nxc4 20. Qxc4 Rae8
21. e4 a6 22. a4 Qg6 23. e5 Bb8 24. b5 axb5 25. axb5 Bg4 26. Raf2 Bxf3 27. Rxf3
Rxf3 28. Rxf3 Bxe5 29. Rf1 Rd8 30. Nf4 Qd6 31. g3 h6 32. Qe2 Qc5+ 33. Kg2 Bc7
34. Ng6+ Kh7 35. Ne7 Rd4 36. Qe6 Qc2+ 37. Kh3 Rd8 38. Rf7 Qb2 39. Nf5 Be5 40.
Qxh6+ Kg8 41. Qg6 Bf6 42. Nh6+ Kh8 43. Rxf6 1-0

[Event "BL 8889 Bayern-Bochum"]
[Site "?"]
[Date "1988.??.??"]
[Round "?.6"]
[White "Schlosser, P."]
[Black "Backwinkel, P."]
[Result "0-1"]
[WhiteElo "2385"]
[BlackElo "2315"]
[PlyCount "56"]
[EventDate "1988.??.??"]

1. d4 d5 2. c4 e6 3. Nf3 c6 4. Qc2 f5 5. Bg5 Nf6 6. cxd5 cxd5 7. Bxf6 gxf6 8.
e3 Nc6 9. Nc3 Bd6 10. a3 Bd7 11. Bd3 Qe7 12. h3 h5 13. g3 O-O-O 14. Nb5 Kb8 15.
Nh4 Rdg8 16. Qd2 Nd8 17. Nxd6 Qxd6 18. O-O-O Nf7 19. Kb1 Ng5 20. Qe2 Ne4 21.
Qf3 Ba4 22. Bc2 Bxc2+ 23. Kxc2 Qb6 24. Qf4+ Ka8 25. Rc1 Rc8+ 26. Kb1 Nd2+ 27.
Ka2 Qb3+ 28. Ka1 Nc4 0-1

[Event "BL 8889 Bayern-Bochum"]
[Site "?"]
[Date "1988.??.??"]
[Round "?.8"]
[White "Klundt, K."]
[Black "Boesken, C."]
[Result "1/2-1/2"]
[WhiteElo "2410"]
[BlackElo "2270"]
[PlyCount "106"]
[EventDate "1988.??.??"]

1. e4 e5 2. Nf3 Nc6 3. Bb5 a6 4. Ba4 Nf6 5. O-O Be7 6. Re1 b5 7. Bb3 d6 8. c3
O-O 9. d4 Bg4 10. d5 Na5 11. Bc2 c6 12. h3 Bc8 13. dxc6 Qc7 14. Nbd2 Qxc6 15.
Nf1 Be6 16. Ng5 Bd7 17. Ne3 h6 18. Nf3 Rfe8 19. a4 Be6 20. Nd2 g6 21. Qf3 Nb7
22. Ng4 Nxg4 23. hxg4 Nc5 24. Nf1 Kg7 25. axb5 axb5 26. Rxa8 Rxa8 27. Ne3 Bg5
28. Rd1 Nb3 29. Nf5+ gxf5 30. Bxg5 hxg5 31. gxf5 Bc4 32. Qh5 Kf6 33. Qh6+ Ke7
34. Qxg5+ Kd7 35. Qf6 Kc7 36. g4 Rd8 37. g5 Nc5 38. f3 Nd7 39. Qe7 Qc5+ 40. Kg2
Qc6 41. Rd2 f6 42. g6 Qc5 43. b4 Qb6 44. Bd1 Rh8 45. Be2 Bxe2 46. Rxe2 Rh5 47.
Rd2 Rg5+ 48. Kh3 Rg1 49. g7 Rh1+ 50. Rh2 Rxh2+ 51. Kxh2 Qf2+ 52. Kh1 Qxf3+ 53.
Kg1 Qg3+ 1/2-1/2

[Event "BL 8889 Sindelfingen-Koblenz"]
[Site "?"]
[Date "1988.??.??"]
[Round "?.1"]
[White "Garcia Palermo, C."]
[Black "Darga, K."]
[Result "0-1"]
[WhiteElo "2455"]
[BlackElo "2470"]
[PlyCount "40"]
[EventDate "1988.??.??"]

1. d4 Nf6 2. c4 e6 3. Nf3 b6 4. g3 Ba6 5. b3 Bb7 6. Bg2 Bb4+ 7. Bd2 Be7 8. Nc3
O-O 9. O-O c6 10. Qc2 d5 11. Rad1 Nbd7 12. e4 Ba6 13. exd5 cxd5 14. Ne5 Rc8 15.
Rfe1 Nb8 16. Qd3 Nfd7 17. Nb5 Nxe5 18. dxe5 dxc4 19. Qxd8 Rfxd8 20. Nxa7 Rc7
0-1

[Event "BL 8889 Sindelfingen-Koblenz"]
[Site "?"]
[Date "1988.??.??"]
[Round "?.2"]
[White "Mohr, S."]
[Black "Braga, F."]
[Result "0-1"]
[WhiteElo "2470"]
[BlackElo "2430"]
[PlyCount "74"]
[EventDate "1988.??.??"]

1. d4 Nf6 2. c4 c5 3. d5 e5 4. Nc3 d6 5. e4 Be7 6. Bd3 Nbd7 7. Nge2 Nf8 8. Ng3
g6 9. f3 h5 10. a3 h4 11. Nge2 Nh5 12. b4 b6 13. Bc2 Nh7 14. Rb1 O-O 15. bxc5
bxc5 16. Ba4 a6 17. Bh6 Ng7 18. O-O Ng5 19. Bc6 Ra7 20. Na4 Kh7 21. Bxg7 Kxg7
22. Nb6 f5 23. Nxc8 Qxc8 24. exf5 Qxf5 25. Ba4 h3 26. Bc2 Qf6 27. f4 hxg2 28.
Kxg2 Nh3 29. Kxh3 Rh8+ 30. Kg2 Qh4 31. Rh1 Qh3+ 32. Kg1 Qe3+ 33. Kf1 Bh4 34.
Ng3 Bxg3 35. Qe2 Qxf4+ 36. Kg2 Bxh2 37. Qf3 Qg5+ 0-1

[Event "BL 8889 Sindelfingen-Koblenz"]
[Site "?"]
[Date "1988.??.??"]
[Round "?.3"]
[White "Doncevic, D."]
[Black "Fahnenschmidt, G."]
[Result "1/2-1/2"]
[WhiteElo "2370"]
[BlackElo "2380"]
[PlyCount "58"]
[EventDate "1988.??.??"]

1. e4 c5 2. Nf3 e6 3. d4 cxd4 4. Nxd4 Nf6 5. Nc3 d6 6. Be2 Be7 7. O-O O-O 8. f4
Nc6 9. Kh1 Bd7 10. Nb3 a6 11. a4 b6 12. Be3 Qc7 13. Bf3 Rab8 14. g4 Bc8 15. g5
Nd7 16. Bg2 Re8 17. Qh5 Bf8 18. Rad1 Bb7 19. Rf3 g6 20. Qh4 Bg7 21. Rh3 Nf8 22.
f5 Ne5 23. f6 Bh8 24. Bf4 Bc6 25. Bxe5 dxe5 26. Rhd3 Red8 27. Rxd8 Rxd8 28.
Rxd8 Qxd8 29. Qf2 h6 1/2-1/2

[Event "BL 8889 Sindelfingen-Koblenz"]
[Site "?"]
[Date "1988.??.??"]
[Round "?.4"]
[White "Franke, H."]
[Black "Bayer, E."]
[Result "1-0"]
[WhiteElo "2360"]
[BlackElo "2370"]
[PlyCount "113"]
[EventDate "1988.??.??"]

1. d4 Nf6 2. Nf3 e6 3. c4 d5 4. Nc3 Be7 5. Bg5 h6 6. Bh4 O-O 7. e3 b6 8. cxd5
Nxd5 9. Bxe7 Qxe7 10. Rc1 Bb7 11. Nxd5 Bxd5 12. Be2 Rc8 13. O-O c5 14. dxc5
Rxc5 15. Rxc5 Qxc5 16. Qa4 Qc6 17. Bb5 Qb7 18. Ne5 a6 19. Be8 b5 20. Qa3 b4 21.
Qa4 Kf8 22. Rc1 Ra7 23. Bxf7 Nd7 24. Bh5 Qb5 25. Ng6+ Kf7 26. Nf4+ Ke7 27. Qc2
Nf6 28. Be2 Qa5 29. b3 Rd7 30. h4 Be4 31. Qc4 Qb6 32. Qc8 e5 33. Nh5 Nd5 34.
Rc6 Qd8 35. Qxd8+ Rxd8 36. Rxa6 Nc3 37. Bc4 Rd1+ 38. Kh2 Rd2 39. Ng3 Rxf2 40.
Nxe4 Nxe4 41. Re6+ Kd7 42. Rxe5 Nd6 43. Ra5 Ke7 44. Bd5 g5 45. hxg5 hxg5 46.
Bf3 Kf6 47. e4 Nf7 48. Rf5+ Ke7 49. Ra5 Kf6 50. Kg3 Rd2 51. Ra6+ Ke5 52. Kg4
Rc2 53. Kh5 Kd4 54. Ra7 Ne5 55. Kxg5 Ke3 56. Kf6 Kd4 57. Ra5 1-0

[Event "BL 8889 Sindelfingen-Koblenz"]
[Site "?"]
[Date "1988.??.??"]
[Round "?.5"]
[White "Hess, R."]
[Black "Bialas, W."]
[Result "1-0"]
[WhiteElo "2330"]
[BlackElo "2365"]
[PlyCount "41"]
[EventDate "1988.??.??"]

1. d4 d6 2. e4 g6 3. Nc3 Bg7 4. Be2 c6 5. Be3 Qb6 6. Rb1 Nf6 7. e5 Nd5 8. Nxd5
cxd5 9. Nf3 O-O 10. Qd2 Bg4 11. O-O Bxf3 12. Bxf3 e6 13. c4 dxc4 14. d5 Qa6 15.
dxe6 dxe5 16. exf7+ Kh8 17. Bc5 Rc8 18. Bg4 Nc6 19. Bxc8 Rxc8 20. Qd7 b6 21.
Qe8+ 1-0

[Event "BL 8889 Sindelfingen-Koblenz"]
[Site "?"]
[Date "1988.??.??"]
[Round "?.6"]
[White "Gruenenwald, J."]
[Black "Weidemann, J."]
[Result "1-0"]
[WhiteElo "2345"]
[BlackElo "2325"]
[PlyCount "155"]
[EventDate "1988.??.??"]

1. d4 d6 2. e4 c6 3. f4 d5 4. e5 g6 5. Bd3 h5 6. Nf3 Bg4 7. Nbd2 e6 8. h3 Bxf3
9. Nxf3 Ne7 10. Be3 Nf5 11. Bf2 Nd7 12. Qd2 h4 13. O-O-O Be7 14. Bxf5 exf5 15.
e6 fxe6 16. Rhe1 Nf8 17. Re2 Qc7 18. Ne5 Rh7 19. Kb1 O-O-O 20. Qe1 Bf6 21. Nd3
Re8 22. a3 Qd6 23. Qa5 Kb8 24. Qa4 Nd7 25. b3 Bd8 26. Ne5 a5 27. b4 b5 28. Qb3
Nxe5 29. dxe5 Qf8 30. Bd4 Rb7 31. Bc5 Be7 32. Bxe7 Qxe7 33. c3 Kc7 34. Rb2 Ra8
35. Qc2 Rba7 36. Qf2 axb4 37. axb4 Ra3 38. Kc2 Kb7 39. Qe3 Rg8 40. Rb3 Ra4 41.
g3 g5 42. Rg1 Qh7 43. Rb2 Raa8 44. Qc5 hxg3 45. Rxg3 g4 46. Kb3 Ra1 47. Qd6 Qf7
48. Ra2 Rb1+ 49. Kc2 Rh1 50. Rg2 Ra8 51. Rxa8 Kxa8 52. Qxc6+ Qb7 53. Qxb7+ Kxb7
54. hxg4 fxg4 55. Rxg4 Kc6 56. Rg6 Kd7 57. Rg7+ Kd8 58. Kd3 Rf1 59. Ke3 Re1+
60. Kd4 Re4+ 61. Kc5 Rxf4 62. Kd6 Kc8 63. Rc7+ Kd8 64. Rb7 Kc8 65. Rxb5 d4 66.
cxd4 Rxd4+ 67. Kxe6 Kc7 68. Rc5+ Kb6 69. Ke7 Rxb4 70. Rc1 Rh4 71. e6 Rh7+ 72.
Kd6 Rh2 73. Rb1+ Ka6 74. e7 Rd2+ 75. Kc7 Rc2+ 76. Kd8 Rd2+ 77. Ke8 Rh2 78. Rd1
1-0

[Event "BL 8889 Sindelfingen-Koblenz"]
[Site "?"]
[Date "1988.??.??"]
[Round "?.7"]
[White "Schlick, V."]
[Black "Braun, M."]
[Result "1/2-1/2"]
[WhiteElo "2290"]
[BlackElo "2325"]
[PlyCount "137"]
[EventDate "1988.??.??"]

1. Nf3 d5 2. c4 e6 3. g3 Nf6 4. Bg2 Be7 5. O-O O-O 6. cxd5 exd5 7. d4 Nbd7 8.
Nc3 Re8 9. Nh4 Nb6 10. Qc2 Bf8 11. a4 a5 12. Bg5 c6 13. Rad1 h6 14. Bc1 Be6 15.
h3 Nc4 16. Kh2 Nd6 17. Nf3 Bf5 18. Qb3 Rb8 19. Ne5 Nd7 20. g4 Bh7 21. Bf4 Qb6
22. Qxb6 Nxb6 23. Nd3 Rbd8 24. e3 Nd7 25. Kg1 Nc4 26. b3 Nd6 27. Rd2 Ra8 28.
Rc1 Nc8 29. Bf1 Ba3 30. Ra1 Be7 31. Rb2 Nd6 32. Ne5 Nxe5 33. Bxe5 Nc8 34. Bg3
Nd6 35. Rd1 Bf8 36. Bd3 Bxd3 37. Rxd3 f6 38. f3 Re6 39. Nd1 Nf7 40. Be1 h5 41.
gxh5 f5 42. Nf2 Nd6 43. h4 Rh6 44. Nh3 Rxh5 45. Nf4 Rh6 46. Rg2 Kf7 47. h5 Be7
48. Rd1 Ne8 49. Kf1 Nc7 50. Rg6 Ne6 51. Nxe6 Rxg6 52. Nc7 Re6 53. Nxa8 Rxe3 54.
Rb1 Rxf3+ 55. Ke2 Rh3 56. Bxa5 Rxh5 57. Bc7 g5 58. Nb6 Bf6 59. Rd1 f4 60. Rd3
Ke6 61. a5 Rh7 62. Bb8 Rh8 63. Bc7 Rh7 64. Bb8 Rh8 65. a6 bxa6 66. Rc3 Bxd4 67.
Rxc6+ Kf5 68. Kd3 Bg7 69. Ba7 1/2-1/2